49ers Players with 1000 Scrimmage Yards - Statistics

General Stats
  • This quiz has been taken 52 times
  • The average score is 49 of 94
Answer Stats
Position (Year) Yard Player % Correct
RB (2023) 2,023 Christian McCaffrey
98%
RB (2022) 1,210 Christian McCaffrey
98%
WR (1995) 1,884 Jerry Rice
98%
WR (1986) 1,642 Jerry Rice
98%
WR (1994) 1,592 Jerry Rice
98%
WR (1993) 1,572 Jerry Rice
98%
WR (1989) 1,516 Jerry Rice
98%
WR (1990) 1,502 Jerry Rice
98%
WR (1988) 1,413 Jerry Rice
98%
WR (1996) 1,331 Jerry Rice
98%
WR (1992) 1,259 Jerry Rice
98%
WR (1991) 1,208 Jerry Rice
98%
WR (1998) 1,157 Jerry Rice
98%
WR (1987) 1,129 Jerry Rice
98%
WR (2021) 1,770 Deebo Samuel Sr.
93%
WR (2023) 1,117 Deebo Samuel Sr.
93%
RB (2006) 2,180 Frank Gore
93%
RB (2007) 1,538 Frank Gore
93%
RB (2009) 1,526 Frank Gore
93%
RB (2012) 1,448 Frank Gore
93%
RB (2008) 1,409 Frank Gore
93%
RB (2011) 1,325 Frank Gore
93%
RB (2010) 1,305 Frank Gore
93%
RB (2013) 1,269 Frank Gore
93%
RB (2014) 1,217 Frank Gore
93%
WR (2023) 1,342 Brandon Aiyuk
89%
WR (2022) 1,038 Brandon Aiyuk
89%
TE (2018) 1,387 George Kittle
85%
TE (2024) 1.106 George Kittle
85%
TE (2019) 1,075 George Kittle
85%
TE (2023) 1,022 George Kittle
85%
WR (2000) 1,462 Terrell Owens
80%
WR (2001) 1,433 Terrell Owens
80%
WR (2002) 1,379 Terrell Owens
80%
WR (1998) 1,150 Terrell Owens
80%
WR (2003) 1,100 Terrell Owens
80%
HB (1961) 1,055 R.C. Owens
76%
FB (1985) 2,066 Roger Craig
65%
RB (1988) 2,036 Roger Craig
65%
RB (1989) 1,527 Roger Craig
65%
FB (1986) 1,454 Roger Craig
65%
FB (1984) 1,324 Roger Craig
65%
RB/FB (1987) 1,507 Roger Craig
65%
FB (1983) 1,152 Roger Craig
65%
WR (2012) 1,113 Michael Crabtree
59%
WR (1981) 1,137 Dwight Clark
50%
HB (1959) 1,169 J.D. Smith
46%
FB (1961) 1,166 J.D. Smith
46%
FB (1962) 1.104 J.D. Smith
46%
RB (1998) 2,105 Garrison Hearst
41%
RB (2001) 1,553 Garrison Hearst
41%
RB (2002) 1,289 Garrison Hearst
41%
RB (1997) 1,213 Garrison Hearst
41%
RB (2021) 1,100 Elijah Mitchell
39%
WR (2013) 1,190 Anquan Boldin
30%
WR (2014) 1,066 Anquan Boldin
30%
RB (1976) 1,486 Delvin Williams
30%
RB (1977) 1,110 Delvin Williams
30%
RB (1975) 1,001 Delvin Williams
30%
RB (2017) 1,288 Carlos Hyde
28%
RB (2016) 1,151 Carlos Hyde
28%
RB (2018) 1,075 Matt Breida
28%
WR (2017) 1,006 Marquise Goodwin
24%
RB (1994) 1,596 Ricky Waters
22%
RB (1992) 1,418 Ricky Waters
22%
RB (1993) 1,276 Ricky Waters
22%
FB (1954) 1,252 Joe Perry
20%
FB (1953) 1,209 Joe Perry
20%
WR (1989) 1,083 John Taylor
20%
WR (1991) 1,011 John Taylor
20%
RB (1983) 1,141 Wendell Taylor
20%
RB (1985) 1,021 Wendell Taylor
20%
RB (2003) 1,331 Kevan Barlow
17%
RB (2004) 1,034 Kevin Barlow
17%
RB (2000) 1,789 Charlie Garner
15%
RB (1999) 1,764 Charlie Garner
15%
FB (1976) 1,116 Wilbur Jackson
15%
FB (1980) 1,287 Earl Cooper
9%
WR (1981) 1,012 Freddie Solomon
9%
HB (1956) 1.109 Hugh McElhenny
9%
HB (1952) 1,051 Hugh McElhenny
9%
RB (1984) 1,492 Wendell Tyler
9%
RB (1968) 1,199 Ken Willard
7%
FB (1966) 1,114 Ken Willard
7%
RB (1971) 1,057 Ken Willard
7%
RB (1970) 1,048 Ken Willard
7%
FB (1965) 1,031 Ken Willard
7%
RB (1979) 1,277 Paul Hofer
7%
RB (1995) 1,385 Derek Loville
4%
WR (1970) 1,100 Gene Washington
4%
FB (1971) 1,128 Vic Washington
4%
WR/LE (1965) 1,344 Dave Parks
2%
RB (1969) 1,025 Doug Cunningham
0%
HB (1965) 1,007 John David Crow
0%
No matching quizzes found
Score Distribution
Percent of People with Each Score
Percentile by Number Answered
Your Score History
You have not taken this quiz